[Event "77th ch-ARM HL 2017"]
[Site "Yerevan ARM"]
[Date "2017.01.12"]
[Round "1.1"]
[White "Ter-Sahakyan, Samvel"]
[Black "Andriasian, Zaven"]
[Result "0-1"]
[WhiteTitle "GM"]
[BlackTitle "GM"]
[WhiteElo "2582"]
[BlackElo "2621"]
[WhiteFideId "13302531"]
[BlackFideId "13302000"]
[EventDate "2017.01.12"]

1. e4 c5 2. Nf3 d6 3. d4 cxd4 4. Nxd4 Nf6 5. Nc3 a6 6. h3 g6 7. g4 Bg7 8. Bg2
O-O 9. Nde2 Nc6 10. Ng3 Nd7 11. g5 Nde5 12. Nce2 b5 13. O-O b4 14. Kh1 Bb7 15.
Rb1 Qa5 16. b3 Qxa2 17. Be3 Nd7 18. f4 Rac8 19. Qd2 Rc7 20. Rfc1 Qa5 21. h4 Rfc8
22. h5 Nd8 23. Bf3 Qa2 24. c4 Qxd2 25. Bxd2 a5 26. Be3 Ne6 27. Kg2 Ra8 28. hxg6
hxg6 29. Rd1 a4 30. bxa4 Rxa4 31. f5 gxf5 32. Nxf5 Ne5 33. Nxg7 Nxg7 34. c5 Ra3
35. cxd6 exd6 36. Rxd6 Rxe3 37. Rd8+ Kh7 0-1

[Event "77th ch-ARM HL 2017"]
[Site "Yerevan ARM"]
[Date "2017.01.12"]
[Round "1.2"]
[White "Harutyunian, Tigran K."]
[Black "Pashikian, Arman"]
[Result "1/2-1/2"]
[WhiteTitle "IM"]
[BlackTitle "GM"]
[WhiteElo "2511"]
[BlackElo "2607"]
[WhiteFideId "13303635"]
[BlackFideId "13301578"]
[EventDate "2017.01.12"]

1. e4 e5 2. Nf3 Nc6 3. d4 exd4 4. Nxd4 Bc5 5. Be3 Qf6 6. c3 Nge7 7. Bc4 Ne5 8.
Be2 Qg6 9. O-O d6 10. Kh1 O-O 11. Nd2 Ng4 12. Bf4 Nc6 13. f3 Nf6 14. Be3 Re8 15.
b4 Bb6 16. Nc4 Bd7 17. Nxb6 axb6 18. Nb5 Rac8 19. Qd2 Ne5 20. a4 Be6 21. Qd4 Nc6
22. Qd2 Ne5 23. Qd4 Nc6 24. Qd2 1/2-1/2

[Event "77th ch-ARM HL 2017"]
[Site "Yerevan ARM"]
[Date "2017.01.12"]
[Round "1.4"]
[White "Hovhannisyan, Robert"]
[Black "Petrosian, Tigran L."]
[Result "1-0"]
[WhiteTitle "GM"]
[BlackTitle "GM"]
[WhiteElo "2631"]
[BlackElo "2592"]
[WhiteFideId "13302507"]
[BlackFideId "13301616"]
[EventDate "2017.01.12"]

1. e4 c6 2. d4 d5 3. e5 Bf5 4. Be2 e6 5. Nf3 Nd7 6. O-O Bg6 7. c3 Nh6 8. a4 Nf5
9. a5 Be7 10. Nbd2 O-O 11. b4 f6 12. Nb3 Bh5 13. exf6 Bxf6 14. Bf4 Bxf3 15. Bxf3
Bg5 16. Bg3 Nxg3 17. hxg3 e5 18. Bg4 e4 19. Be6+ Kh8 20. Qg4 Nb8 21. Nc5 Bd2 22.
c4 Bxb4 23. cxd5 Bxc5 24. dxc5 cxd5 25. Rad1 d4 26. Qxe4 Na6 27. Rxd4 Qf6 28.
Rd5 Rae8 29. Rf5 Qxf5 30. Bxf5 Rxe4 31. Bxe4 Nxc5 32. Bf3 g6 33. g4 Kg7 34. Rb1
Rb8 35. g3 b6 36. axb6 axb6 37. Bc6 Kf6 38. Kg2 Ne6 39. Bd5 b5 40. f4 Nd4 41.
g5+ Kg7 42. Kf2 b4 43. Rd1 Nf5 44. Bb3 Rb7 45. g4 Ne7 46. Rd6 Rc7 47. Rb6 Nc6
48. f5 gxf5 49. gxf5 Nd4 50. f6+ Kg6 51. f7+ Kg7 52. Rb8 Rxf7+ 53. Bxf7 Kxf7 54.
Kg3 h6 55. Rxb4 Nf5+ 56. Kg4 Ne3+ 57. Kf3 Nd5 58. Rb5 Nc3 59. Rc5 Na4 60. Rc7+
Kg6 61. gxh6 Kxh6 62. Rc4 Nb2 63. Rd4 Kg5 64. Ke2 Kf5 65. Rb4 1-0

[Event "77th ch-ARM HL 2017"]
[Site "Yerevan ARM"]
[Date "2017.01.12"]
[Round "1.5"]
[White "Gabuzyan, Hovhannes"]
[Black "Grigoryan, Karen H."]
[Result "1-0"]
[WhiteTitle "GM"]
[BlackTitle "GM"]
[WhiteElo "2585"]
[BlackElo "2571"]
[WhiteFideId "13303732"]
[BlackFideId "13301004"]
[EventDate "2017.01.12"]

1. Nf3 Nf6 2. g3 d5 3. Bg2 c6 4. O-O Bg4 5. d4 Nbd7 6. Nbd2 e6 7. Re1 Be7 8. e4
O-O 9. e5 Ne8 10. Nb3 Nc7 11. h3 Bh5 12. Be3 b6 13. Nc1 c5 14. Nd3 Bg6 15. Nf4
Be4 16. c3 Rc8 17. Bf1 h6 18. Nd2 Bh7 19. Nh5 Bf5 20. Nf3 Re8 21. Nh2 Bf8 22.
Ng4 Bg6 23. Nf4 Bf5 24. Bd3 Bxd3 25. Qxd3 c4 26. Qc2 f5 27. Nh2 g5 28. Nh5 Qe7
29. f4 Qh7 30. Re2 Be7 31. Rf1 b5 32. Ref2 Rf8 33. Kh1 Rf7 34. g4 fxg4 35. Qxh7+
Rxh7 36. fxg5 g3 37. Nxg3 hxg5 38. Kg2 Rf8 39. Rxf8+ Nxf8 40. Ng4 Ne8 41. Nf6+
Nxf6 42. exf6 Bd8 43. Bxg5 Kf7 44. Nh1 Rh8 45. h4 Ng6 46. Kh3 Nf8 47. Nf2 Nh7
48. Kg2 Bc7 49. Nh3 Bd8 50. Nf2 Bc7 51. Ng4 Nxg5 52. hxg5 Kg6 53. Ne5+ Bxe5 54.
dxe5 Rf8 55. Kf3 Kxg5 56. Ke3 Kg6 57. Kd4 Rh8 58. Kc5 Rd8 59. Kxb5 Kf7 60. Kc5
Rc8+ 61. Kd6 Rb8 62. Rf2 Rb6+ 63. Kc7 Ra6 64. a3 Ra5 65. Rg2 Rb5 66. a4 Rb3 67.
a5 1-0

[Event "77th ch-ARM HL 2017"]
[Site "Yerevan ARM"]
[Date "2017.01.13"]
[Round "2.1"]
[White "Pashikian, Arman"]
[Black "Petrosyan, Manuel"]
[Result "1-0"]
[WhiteTitle "GM"]
[BlackTitle "IM"]
[WhiteElo "2607"]
[BlackElo "2550"]
[WhiteFideId "13301578"]
[BlackFideId "13300857"]
[EventDate "2017.01.12"]

1. d4 Nf6 2. Nf3 e6 3. c4 b6 4. g3 Ba6 5. b3 Bb4+ 6. Bd2 Be7 7. Nc3 d5 8. cxd5
exd5 9. Bg2 O-O 10. O-O Nbd7 11. Qc2 c6 12. Rfd1 Rc8 13. Bc1 Re8 14. Bb2 Bb4 15.
e3 c5 16. a3 Bxc3 17. Qxc3 Ne4 18. Qe1 cxd4 19. Nxd4 Ne5 20. f3 Nc5 21. Qd2 Ned3
22. Bc3 Qg5 23. Rab1 Qxe3+ 24. Qxe3 Rxe3 25. Nf5 Re2 26. Bf1 Rc2 27. Bd4 Re8 28.
b4 Ne5 29. Bxe5 Bxf1 30. Ne3 Rxe5 31. Nxc2 Bd3 32. bxc5 Bxc2 33. cxb6 axb6 34.
Rxb6 h5 35. Rd2 Bf5 36. Kf2 Be6 37. a4 g5 38. Rd4 Kg7 39. a5 1-0

[Event "77th ch-ARM HL 2017"]
[Site "Yerevan ARM"]
[Date "2017.01.13"]
[Round "2.2"]
[White "Petrosian, Tigran L."]
[Black "Gabuzyan, Hovhannes"]
[Result "1-0"]
[WhiteTitle "GM"]
[BlackTitle "GM"]
[WhiteElo "2592"]
[BlackElo "2585"]
[WhiteFideId "13301616"]
[BlackFideId "13303732"]
[EventDate "2017.01.12"]

1. e4 c5 2. Nf3 d6 3. d4 cxd4 4. Nxd4 Nf6 5. Nc3 a6 6. Be3 e5 7. Nf3 Qc7 8. a4
h6 9. Be2 Be6 10. O-O Nbd7 11. a5 Be7 12. Nd5 Qc6 13. Nxe7 Kxe7 14. Nd2 d5 15.
f4 exf4 16. Rxf4 dxe4 17. c4 Ne5 18. Qb3 Rhd8 19. Raf1 Rac8 20. Qb4+ Ke8 21.
Rxf6 gxf6 22. Rxf6 Qd6 23. Qc3 Nc6 24. Nxe4 Qe5 25. Qxe5 Nxe5 26. c5 Rc6 27.
Nd6+ Rdxd6 28. cxd6 Rc2 29. Bh5 Kd7 30. Bf4 Bd5 31. g3 Rg2+ 32. Kf1 Rxh2 33. Be2
Ng6 34. Bg4+ Kd8 35. Be3 Ne5 36. Be2 Be6 37. Bd4 Nc6 38. Bg1 Rxe2 39. Kxe2 Kd7
40. Bb6 h5 41. Bc7 Ne5 42. Rh6 Kc6 43. Kd2 Bg4 44. Rh7 f6 45. Rh6 Nd7 46. Ke3
Kd5 47. Kf4 Kd4 48. Bd8 Kd5 49. Bxf6 Kxd6 50. Bd8+ Kd5 51. Rg6 Be2 52. Rg7 Nc5
53. Ke3 Bg4 54. Bb6 Nd7 55. Kf4 Ke6 56. Ba7 Bd1 57. Rg5 Bg4 58. Ke4 Nf6+ 59. Kd4
Bf3 60. Re5+ Kf7 61. Rf5 Bg4 62. Rf1 Ke6 63. Bb8 Bh3 64. Rh1 Bg2 65. Rh2 Bf3 66.
Rf2 Bc6 67. Bf4 Ng4 68. Rc2 Nf6 69. Re2+ Kf7 70. Re5 Bf3 71. Bg5 Kg6 72. Bxf6
Kxf6 73. Rc5 Kg6 74. Ke3 Bc6 75. Kf4 Kh6 76. Re5 1-0

[Event "77th ch-ARM HL 2017"]
[Site "Yerevan ARM"]
[Date "2017.01.13"]
[Round "2.3"]
[White "Andriasian, Zaven"]
[Black "Grigoryan, Karen H."]
[Result "1-0"]
[WhiteTitle "GM"]
[BlackTitle "GM"]
[WhiteElo "2621"]
[BlackElo "2571"]
[WhiteFideId "13302000"]
[BlackFideId "13301004"]
[EventDate "2017.01.12"]

1. e4 c5 2. Nf3 d6 3. d4 Nf6 4. dxc5 Nxe4 5. cxd6 Nxd6 6. c4 Bg4 7. Nc3 Nc6 8.
Be2 g6 9. c5 Nf5 10. Qa4 Bxf3 11. Bxf3 Nd4 12. Be4 Bg7 13. O-O O-O 14. Be3 e5
15. Rfd1 Qh4 16. g3 Qe7 17. b4 f5 18. Bd5+ Kh8 19. b5 Nd8 20. c6 bxc6 21. bxc6
Rc8 22. Rac1 N8xc6 23. Bxc6 Nxc6 24. Nb5 Nd4 25. Nxd4 Rxc1 26. Rxc1 exd4 27.
Bxd4 Bxd4 28. Qxd4+ Kg8 29. a4 f4 30. gxf4 Rd8 31. Qc4+ Kg7 32. Qc3+ Kf7 33. a5
Qe6 34. Re1 Rd1 35. Qc7+ Qd7 36. Qxd7+ Rxd7 37. Kg2 Kf6 38. Re5 Rd3 39. Rc5 Ra3
40. f3 Ke6 41. Kg3 Kd6 42. Re5 Ra1 43. h4 Rh1 44. Rb5 Kc6 45. Rg5 Rg1+ 46. Kh2
Ra1 47. h5 Kd7 48. Re5 Kd6 49. Kg2 Ra2+ 50. Kg3 Ra1 51. Kg2 Ra2+ 52. Kh3 Ra1 53.
hxg6 hxg6 54. Kh4 Rg1 55. Rg5 Rh1+ 56. Kg3 Kc7 57. f5 gxf5 58. Kf4 Rh7 59. Rxf5
Kd6 60. Rf6+ Ke7 61. Ra6 Kd8 62. Ke5 Rb7 63. f4 Kc7 64. f5 Kd7 65. Kf6 Ke8 66.
Kg6 Kf8 67. f6 Rb1 68. Rxa7 Rg1+ 69. Kf5 Rf1+ 70. Ke5 Re1+ 71. Kd5 Rd1+ 72. Kc5
Rc1+ 73. Kb6 Rb1+ 74. Ka6 Rf1 75. Rc7 Rxf6+ 76. Kb7 1-0

[Event "77th ch-ARM HL 2017"]
[Site "Yerevan ARM"]
[Date "2017.01.13"]
[Round "2.5"]
[White "Ter-Sahakyan, Samvel"]
[Black "Harutyunian, Tigran K."]
[Result "1/2-1/2"]
[WhiteTitle "GM"]
[BlackTitle "IM"]
[WhiteElo "2582"]
[BlackElo "2511"]
[WhiteFideId "13302531"]
[BlackFideId "13303635"]
[EventDate "2017.01.12"]

1. e4 e5 2. Nf3 Nc6 3. Bb5 a6 4. Ba4 Nf6 5. O-O Be7 6. Re1 b5 7. Bb3 O-O 8. c3
d5 9. exd5 Nxd5 10. Nxe5 Nxe5 11. Rxe5 c6 12. d3 Bd6 13. Re1 Bf5 14. Qf3 Bg6 15.
Na3 Bxa3 16. bxa3 Nxc3 17. Bd2 Nd5 18. Rac1 Qd6 19. h4 h5 20. d4 Rae8 21. Re5
Rxe5 22. dxe5 Qxe5 23. Rxc6 Be4 24. Qg3 Qxg3 25. fxg3 Ra8 26. Rd6 Nf6 27. Bg5
Ng4 28. Rd7 Bg6 29. Bd5 Re8 30. Rd8 Rxd8 31. Bxd8 Kf8 32. Bb7 Ke8 33. Bb6 Kd7
34. Kf1 Bd3+ 35. Ke1 Bc4 36. Bxa6 Kc6 37. Bd4 Bxa2 38. Kd2 Nh6 39. Bxg7 Nf5 40.
Be5 Be6 41. a4 bxa4 42. g4 hxg4 43. h5 f6 44. Bb2 Bf7 45. Bd3 Nh6 46. Bc2 a3 47.
Bxa3 Bxh5 48. Ke3 Bf7 49. Kf4 Bd5 50. g3 Kd7 51. Bf8 Nf7 52. Kf5 Ke8 53. Bb4 Ne5
54. Kxf6 Nf3 55. Be7 Nd4 56. Bg6+ Kd7 57. Bc5 Ne2 58. Bf2 Nxg3 1/2-1/2

[Event "77th ch-ARM HL 2017"]
[Site "Yerevan ARM"]
[Date "2017.01.14"]
[Round "3.1"]
[White "Petrosyan, Manuel"]
[Black "Ter-Sahakyan, Samvel"]
[Result "1/2-1/2"]
[WhiteTitle "IM"]
[BlackTitle "GM"]
[WhiteElo "2550"]
[BlackElo "2582"]
[WhiteFideId "13300857"]
[BlackFideId "13302531"]
[EventDate "2017.01.12"]

1. d4 d5 2. c4 c6 3. Nc3 Nf6 4. Nf3 e6 5. Bg5 Nbd7 6. cxd5 exd5 7. e3 Be7 8. Qc2
Nh5 9. Bxe7 Qxe7 10. O-O-O Nb6 11. Bd3 Bg4 12. Ne2 Bxf3 13. gxf3 g6 14. f4 O-O-O
15. Ng1 Kb8 16. Nf3 Rc8 17. Kb1 c5 18. dxc5 Rxc5 19. Qe2 Rhc8 20. Nd4 Nf6 21.
Rc1 a6 22. Nb3 Rxc1+ 23. Rxc1 Rxc1+ 24. Kxc1 Ne4 25. Qc2 Qb4 26. Kd1 Nc4 27. a3
Qd6 28. Nd4 Qe7 29. Bxe4 Qxe4 30. Qxe4 dxe4 31. Kc2 Kc7 32. Kc3 Nb6 33. b3 Kd6
34. Ne2 Kc5 35. b4+ Kd5 36. Kb3 f5 37. a4 Kd6 38. Nd4 Kd5 39. Ne2 Kd6 40. Nd4
Kd5 41. Ne2 Kd6 1/2-1/2

[Event "77th ch-ARM HL 2017"]
[Site "Yerevan ARM"]
[Date "2017.01.14"]
[Round "3.2"]
[White "Hovhannisyan, Robert"]
[Black "Pashikian, Arman"]
[Result "1-0"]
[WhiteTitle "GM"]
[BlackTitle "GM"]
[WhiteElo "2631"]
[BlackElo "2607"]
[WhiteFideId "13302507"]
[BlackFideId "13301578"]
[EventDate "2017.01.12"]

1. e4 e5 2. Nf3 Nc6 3. Bb5 Nf6 4. O-O Nxe4 5. Re1 Nd6 6. Nxe5 Be7 7. Bf1 Nxe5 8.
Rxe5 O-O 9. Nc3 Ne8 10. Nd5 Bd6 11. Re1 c6 12. Ne3 Be7 13. Nf5 Bf6 14. Qe2 d5
15. Ne7+ Kh8 16. Nxc8 Rxc8 17. d3 Bg5 18. Bxg5 Qxg5 19. c4 Qd8 20. Qe7 Nc7 21.
g3 Kg8 22. Bh3 Re8 23. Qc5 Ra8 24. Rxe8+ Qxe8 25. Qb4 Na6 26. Qxb7 Nc5 27. Qc7
Nxd3 28. cxd5 cxd5 29. Qc2 Ne5 30. Bg2 Rc8 31. Qd2 Qb5 32. b3 Rd8 33. Rc1 h6 34.
Qd4 Qe2 35. Rc3 Qe1+ 36. Bf1 Qe4 37. Qe3 f6 38. f4 Qxe3+ 39. Rxe3 d4 40. Re4
Nf3+ 41. Kg2 Nd2 42. Re2 Nb1 43. Rb2 Nc3 44. Bd3 Kf8 45. b4 Re8 46. Rd2 g5 47.
Bc4 Re4 48. Bd3 Re1 49. Bf5 gxf4 50. gxf4 Nd5 51. Kf2 Ra1 52. Rxd4 Rxa2+ 53. Kg3
Ne3 54. Bh3 f5 55. Rd3 Ng4 56. Bxg4 fxg4 57. Rd5 Rb2 58. b5 Ke7 59. Rh5 Ra2 60.
Kxg4 a5 61. Rxh6 a4 62. Ra6 Rb2 63. b6 a3 64. Rxa3 Rxb6 65. Kg5 Rb2 66. Ra7+ Kf8
67. h4 Rg2+ 68. Kf6 Kg8 69. f5 Rh2 70. Ra8+ Kh7 71. Kf7 Rb2 72. Re8 Rb7+ 73. Re7
Rb8 74. f6 Kh6 75. Re8 Rb7+ 76. Kg8 Kg6 77. f7 Rxf7 78. Re6+ Rf6 79. h5+ 1-0

[Event "77th ch-ARM HL 2017"]
[Site "Yerevan ARM"]
[Date "2017.01.14"]
[Round "3.3"]
[White "Harutyunian, Tigran K."]
[Black "Andriasian, Zaven"]
[Result "1/2-1/2"]
[WhiteTitle "IM"]
[BlackTitle "GM"]
[WhiteElo "2511"]
[BlackElo "2621"]
[WhiteFideId "13303635"]
[BlackFideId "13302000"]
[EventDate "2017.01.12"]

1. Nf3 d5 2. g3 c6 3. Bg2 Bg4 4. O-O Nd7 5. d4 Ngf6 6. Nbd2 e6 7. Re1 Be7 8. e4
dxe4 9. Nxe4 O-O 10. Nxf6+ Bxf6 11. h3 Bh5 12. c3 Re8 13. Qb3 Qb6 14. Nd2 e5 15.
d5 cxd5 16. Qxd5 Rad8 17. Nc4 Qa6 18. Nd6 Nf8 19. Nxe8 Rxd5 20. Nxf6+ Qxf6 21.
Bxd5 Bf3 1/2-1/2

[Event "77th ch-ARM HL 2017"]
[Site "Yerevan ARM"]
[Date "2017.01.14"]
[Round "3.5"]
[White "Grigoryan, Karen H."]
[Black "Petrosian, Tigran L."]
[Result "1-0"]
[WhiteTitle "GM"]
[BlackTitle "GM"]
[WhiteElo "2571"]
[BlackElo "2592"]
[WhiteFideId "13301004"]
[BlackFideId "13301616"]
[EventDate "2017.01.12"]

1. e4 c6 2. d4 d5 3. e5 Bf5 4. h4 h5 5. Bd3 Bxd3 6. Qxd3 e6 7. Bg5 Qb6 8. Nd2
Na6 9. Ne2 Qb5 10. Qf3 Nb4 11. Qb3 Nh6 12. a4 Qa6 13. c4 Nf5 14. O-O dxc4 15.
Nxc4 Nd5 16. Rfd1 Be7 17. Bxe7 Ndxe7 18. Ng3 O-O 19. Ne4 b6 20. a5 Qb5 21. Qc2
Rad8 22. axb6 axb6 23. Ncd6 Nxd6 24. Nc3 Qb4 25. Ra4 Qxa4 26. Qxa4 Ndf5 27. Qa7
Ra8 28. Qxb6 Rfb8 29. Qc5 Rxb2 30. g3 Rc2 31. Qb4 Nd5 32. Qb7 Rf8 33. Ne4 Nc3
34. Qb3 Nxd4 35. Rxd4 Ne2+ 36. Kg2 Nxd4 37. Qe3 Nf5 38. Qg5 g6 39. g4 hxg4 40.
h5 Rc4 41. Nd6 Ra4 42. Nxf5 exf5 43. hxg6 fxg6 44. Qxg6+ Kh8 45. e6 Ra7 46. Qg5
Raa8 47. e7 Rfc8 48. Qh6+ Kg8 49. Qg6+ Kh8 50. Kg3 Re8 51. Qf6+ Kh7 52. Kh4 f4
53. Kxg4 Rg8+ 54. Kxf4 c5 55. Qf5+ Kg7 56. Ke5 Rac8 57. f4 c4 58. Qf6+ Kh7 59.
Qh4+ Kg7 60. f5 Rc5+ 61. Kd6 Rcc8 62. Qg5+ Kh7 63. Qh5+ Kg7 64. Qg6+ 1-0

[Event "77th ch-ARM HL 2017"]
[Site "Yerevan ARM"]
[Date "2017.01.15"]
[Round "4.1"]
[White "Andriasian, Zaven"]
[Black "Petrosian, Tigran L."]
[Result "1/2-1/2"]
[WhiteTitle "GM"]
[BlackTitle "GM"]
[WhiteElo "2621"]
[BlackElo "2592"]
[WhiteFideId "13302000"]
[BlackFideId "13301616"]
[EventDate "2017.01.12"]
[EventType "tourn"]

1. e4 e5 2. Nf3 Nc6 3. Bc4 Bc5 4. c3 Nf6 5. d3 O-O 6. O-O d6 7. h3 a6 8. Bb3 h6
9. Nbd2 Be6 10. Re1 Ba7 11. Nf1 Bxb3 12. axb3 Re8 13. Nh4 Nh7 14. Qg4 Qf6 15.
Nf5 Qg6 16. Qxg6 fxg6 17. N5e3 Rf8 18. Re2 Nf6 19. Nc4 b5 20. Nce3 a5 21. Nc2 b4
22. Be3 Rfb8 23. Nd2 Bxe3 24. fxe3 bxc3 25. bxc3 d5 26. Ra3 1/2-1/2

[Event "77th ch-ARM HL 2017"]
[Site "Yerevan ARM"]
[Date "2017.01.15"]
[Round "4.3"]
[White "Pashikian, Arman"]
[Black "Gabuzyan, Hovhannes"]
[Result "1-0"]
[WhiteTitle "GM"]
[BlackTitle "GM"]
[WhiteElo "2607"]
[BlackElo "2585"]
[WhiteFideId "13301578"]
[BlackFideId "13303732"]
[EventDate "2017.01.12"]
[EventType "tourn"]

1. d4 Nf6 2. Nf3 g6 3. c4 Bg7 4. Nc3 O-O 5. e4 d6 6. Be2 c5 7. O-O cxd4 8. Nxd4
Nc6 9. Nc2 Nd7 10. Bd2 Nc5 11. b4 Ne6 12. Rc1 Ned4 13. Nxd4 Nxd4 14. Be3 Nxe2+
15. Qxe2 b6 16. Rfd1 Ba6 17. Bd4 Rc8 18. Nd5 f6 19. a4 e6 20. Ne3 Rf7 21. f3 Bh6
22. b5 Bb7 23. Bb2 Rd7 24. Qd3 f5 25. exf5 gxf5 26. Re1 Qg5 27. Kh1 Kf7 28. Rc2
Rg8 29. Rce2 Rg6 30. a5 Qf4 31. Nf1 bxa5 32. Bc1 Qh4 33. Bxh6 Rxh6 34. c5 Bd5
35. c6 Rc7 36. Qd2 Re7 37. Rc1 Bc4 38. g3 Qh3 39. Rg2 d5 40. Ne3 Bxb5 41. Qxa5
Bxc6 42. Rxc6 Rg6 43. Rc7 Qh5 44. Rxe7+ Kxe7 45. Qxa7+ Kf6 46. Qd4+ Kf7 47. Qf4
Rg8 48. Ra2 Rc8 49. Ng4 Qh3 50. Ra7+ 1-0

[Event "77th ch-ARM HL 2017"]
[Site "Yerevan ARM"]
[Date "2017.01.15"]
[Round "4.5"]
[White "Harutyunian, Tigran K."]
[Black "Petrosyan, Manuel"]
[Result "1/2-1/2"]
[WhiteTitle "IM"]
[BlackTitle "IM"]
[WhiteElo "2511"]
[BlackElo "2550"]
[WhiteFideId "13303635"]
[BlackFideId "13300857"]
[EventDate "2017.01.12"]
[EventType "tourn"]

1. Nf3 c5 2. g3 g6 3. Bg2 Bg7 4. c4 Nc6 5. Nc3 d6 6. O-O Nf6 7. d4 cxd4 8. Nxd4
Bd7 9. Nc2 h5 10. h4 O-O 11. Bg5 Ne5 12. b3 Bc6 13. Nd5 Bxd5 14. cxd5 Rc8 15.
Qd2 Neg4 16. Rac1 Qb6 17. Ne3 Nxe3 18. Bxe3 Qa6 19. Rc2 Ng4 20. Bg5 Bf6 21. Bxf6
Rxc2 22. Qxc2 exf6 23. Rc1 Re8 24. e3 Kg7 25. Qd2 Qb6 26. Bf3 Ne5 27. Be2 Re7
28. Qc3 Qd8 29. Qc8 Qa5 30. Qb8 Rd7 31. b4 Qxd5 32. Rc8 f5 33. Qxa7 Qd2 34. Kf1
Qxb4 35. Qa8 Qb1+ 36. Kg2 Qe4+ 37. Kg1 Qb1+ 38. Kg2 Qe1 39. Rc2 Nc6 40. Bb5 Qd1
41. Bxc6 Rc7 42. Qa5 Qxc2 43. Qxc7 bxc6 44. Qxd6 Qxa2 1/2-1/2

[Event "77th ch-ARM HL 2017"]
[Site "Yerevan ARM"]
[Date "2017.01.16"]
[Round "5.1"]
[White "Hovhannisyan, Robert"]
[Black "Harutyunian, Tigran K."]
[Result "0-1"]
[WhiteTitle "GM"]
[BlackTitle "IM"]
[WhiteElo "2631"]
[BlackElo "2511"]
[WhiteFideId "13302507"]
[BlackFideId "13303635"]
[EventDate "2017.01.12"]

1. e4 e5 2. Nf3 Nc6 3. Bc4 Nf6 4. d3 Be7 5. O-O O-O 6. Nc3 d6 7. a3 Bg4 8. h3
Bh5 9. Be3 Qd7 10. Nd5 Nxd5 11. Bxd5 Bg6 12. c3 Nd8 13. Nd2 c6 14. Ba2 Ne6 15.
d4 Rfd8 16. Qg4 exd4 17. cxd4 d5 18. exd5 cxd5 19. f4 Bd3 20. f5 Nc7 21. Rf2 Ne8
22. Bb1 Qb5 23. Qd1 Bh4 24. g3 Bxg3 25. Rg2 Bh4 26. a4 Qa6 27. Nf3 Bxb1 28. Rxb1
Bf6 29. Ne5 Nd6 30. Qf3 Nc4 31. Ng4 Nxe3 32. Qxe3 Re8 33. Qd2 Re4 34. Kh1 Kh8
35. Rbg1 Bxd4 36. f6 g6 37. Re1 Rae8 38. Rxe4 Rxe4 39. Rg1 Bxf6 40. Qxd5 Qe2 41.
Qb3 Kg7 42. Rg2 Qf1+ 43. Rg1 Qf4 44. Qd3 Rd4 45. Qf1 Rxa4 46. b3 Qxf1 47. Rxf1
Ra1 0-1

[Event "77th ch-ARM HL 2017"]
[Site "Yerevan ARM"]
[Date "2017.01.16"]
[Round "5.2"]
[White "Petrosyan, Manuel"]
[Black "Andriasian, Zaven"]
[Result "1/2-1/2"]
[WhiteTitle "IM"]
[BlackTitle "GM"]
[WhiteElo "2550"]
[BlackElo "2621"]
[WhiteFideId "13300857"]
[BlackFideId "13302000"]
[EventDate "2017.01.12"]

1. d4 d5 2. c4 c6 3. Nf3 Nf6 4. Nc3 dxc4 5. a4 Bf5 6. Ne5 Nbd7 7. Nxc4 Qc7 8. g3
e5 9. dxe5 Nxe5 10. Bf4 Nfd7 11. Bg2 g5 12. Nxe5 gxf4 13. Nxd7 O-O-O 14. Qd4
Qxd7 15. Qxf4 Bd6 16. Qc1 Kb8 17. O-O h5 18. h4 a5 19. Qg5 Rdg8 20. Qf6 Qe6 21.
Qxe6 Bxe6 22. Ne4 Be7 23. Rfc1 Bd5 24. Nc5 Bxg2 25. Kxg2 Bxh4 26. Rd1 Kc8 27.
Rd3 Bd8 28. Rb3 b6 29. Ne4 Bc7 30. Rc1 Rg6 31. Nd2 h4 32. Nc4 hxg3 1/2-1/2

[Event "77th ch-ARM HL 2017"]
[Site "Yerevan ARM"]
[Date "2017.01.16"]
[Round "5.4"]
[White "Grigoryan, Karen H."]
[Black "Pashikian, Arman"]
[Result "1-0"]
[WhiteTitle "GM"]
[BlackTitle "GM"]
[WhiteElo "2571"]
[BlackElo "2607"]
[WhiteFideId "13301004"]
[BlackFideId "13301578"]
[EventDate "2017.01.12"]

1. c4 e5 2. g3 Nf6 3. Bg2 d5 4. cxd5 Nxd5 5. Nc3 Nb6 6. Nf3 Nc6 7. O-O Be7 8. d3
O-O 9. a3 Re8 10. b4 Bf8 11. Bb2 Bg4 12. h3 Bh5 13. b5 Nd4 14. g4 Bg6 15. Nxd4
exd4 16. Ne4 Qd7 17. Ng3 Qxb5 18. Bxd4 c5 19. Bc3 Rad8 20. a4 Qd7 21. a5 Nd5 22.
Bd2 f6 23. Qa4 Qxa4 24. Rxa4 b5 25. axb6 axb6 26. Ra7 Nb4 27. g5 Re7 28. Rfa1
Nc2 29. Rxe7 Bxe7 30. Ra7 Kf8 31. gxf6 Bxf6 32. Bf4 b5 33. Bc7 Rd4 34. Bb6 Be7
35. Bc6 Ra4 36. Rc7 Ra1+ 37. Kg2 Nd4 38. Rxe7 Nxc6 39. Rc7 Bf7 40. e4 Be8 41.
Bxc5+ Kg8 42. Nf5 1-0

[Event "77th ch-ARM HL 2017"]
[Site "Yerevan ARM"]
[Date "2017.01.16"]
[Round "5.5"]
[White "Gabuzyan, Hovhannes"]
[Black "Ter-Sahakyan, Samvel"]
[Result "0-1"]
[WhiteTitle "GM"]
[BlackTitle "GM"]
[WhiteElo "2585"]
[BlackElo "2582"]
[WhiteFideId "13303732"]
[BlackFideId "13302531"]
[EventDate "2017.01.12"]

1. Nf3 d5 2. g3 Nf6 3. Bg2 e6 4. O-O Be7 5. d3 O-O 6. Nbd2 a5 7. a4 Nc6 8. b3 e5
9. e4 dxe4 10. dxe4 Bc5 11. Bb2 Qe7 12. Nc4 Bg4 13. Qe1 Bxf3 14. Bxf3 Nd4 15.
Bd1 h5 16. c3 Nc6 17. Bc1 Qe6 18. Kg2 g6 19. Rb1 Kg7 20. h4 Rfd8 21. Bg5 Rd7 22.
Qe2 Nh7 23. Bd2 Nf6 24. Bc2 Ng4 25. Rbd1 Rad8 26. Nb2 Ba7 27. Nd3 f5 28. Bg5 f4
29. gxf4 Rf8 30. f5 gxf5 31. f3 f4 32. fxg4 f3+ 33. Qxf3 Rxf3 34. Rxf3 Qxg4+ 35.
Rg3 Qe2+ 36. Kh3 Qxc2 37. Rf1 Qxd3 0-1

[Event "77th ch-ARM HL 2017"]
[Site "Yerevan ARM"]
[Date "2017.01.17"]
[Round "6.1"]
[White "Ter-Sahakyan, Samvel"]
[Black "Grigoryan, Karen H."]
[Result "1/2-1/2"]
[WhiteTitle "GM"]
[BlackTitle "GM"]
[WhiteElo "2582"]
[BlackElo "2571"]
[WhiteFideId "13302531"]
[BlackFideId "13301004"]
[EventDate "2017.01.12"]

1. e4 c5 2. Nf3 d6 3. d4 cxd4 4. Nxd4 Nf6 5. Nc3 g6 6. Be2 Bg7 7. O-O O-O 8. Re1
Nc6 9. Nb3 a6 10. Bf1 b5 11. a4 b4 12. Nd5 e6 13. Nxf6+ Bxf6 14. a5 Qc7 15. Ra2
Bb7 16. Be3 Rac8 17. Qd2 Qe7 18. Bd3 Rfd8 19. h3 Qf8 20. Bh6 Qe7 21. Be3 Qf8 22.
Bh6 Qe7 23. Be3 1/2-1/2

[Event "77th ch-ARM HL 2017"]
[Site "Yerevan ARM"]
[Date "2017.01.17"]
[Round "6.2"]
[White "Pashikian, Arman"]
[Black "Petrosian, Tigran L."]
[Result "1/2-1/2"]
[WhiteTitle "GM"]
[BlackTitle "GM"]
[WhiteElo "2607"]
[BlackElo "2592"]
[WhiteFideId "13301578"]
[BlackFideId "13301616"]
[EventDate "2017.01.12"]

1. d4 Nf6 2. Nf3 g6 3. c4 Bg7 4. Nc3 O-O 5. e4 d6 6. Be2 c5 7. O-O cxd4 8. Nxd4
Nc6 9. Nc2 Nd7 10. Bd2 a5 11. Qc1 Nc5 12. Bh6 Bxh6 13. Qxh6 f5 14. exf5 Bxf5 15.
Qd2 Bxc2 16. Qxc2 Nd4 17. Qd2 e5 18. f4 Nxe2+ 19. Nxe2 exf4 20. Nxf4 Qg5 21. Qd4
Qe5 22. Rad1 Na4 23. Qxd6 Qxd6 24. Rxd6 Nxb2 25. c5 Na4 26. c6 bxc6 27. Rxc6
Rac8 28. Nd5 Rxc6 1/2-1/2